000 00704nam a2200241Ii 4500
003 JO-AjNU
008 230605s9999||||xx |||||||||||||| ||und||
017 _a2006/8/2325
020 _a9957-29-032-0
040 _aJO-AjNU
_bara
_erda
_cJO-AjNU
041 _aara
050 1 4 _aBP179 2006
100 3 _aالقرني، عائض وآخرون,
_eauthor
_948938
245 0 0 _aرمضان بين يديك
250 _aط1
264 3 1 _aعمان: دار العلوم، 2006
300 _a312ص
336 _atext
_btxt
_2rdacontent
337 _aunmediated
_bn
_2rdamedia
338 _avolume
_bnc
_2rdacarrier
490 0 _aانوار رمضانية2
650 4 _aالصوم- شهر رمضان
_948939
999 _aA21464
_c25032
_d25032